Statistiques concernant Meilleurs sons de Niska

Cliquez ici pour prendre le quiz!

Statistiques générales

  • Ce quiz a été pris 930 fois
    (70 depuis la dernière actualisation)
  • Le résultat moyen est 7 sur 15

Statistiques - réponses

RangTitresStreams% Correct
2Réseaux160,2M
98%
6Salé113,3M
83%
5Médicament (ft. Booba)117,0M
77%
10Bâtiment80,4M
60%
12Méchant (ft. Ninho)67,9M
60%
8RR 9.1 (ft. Koba LaD)99,4M
51%
11Tuba Life (ft. Booba)77,8M
49%
1Maman ne le sait pas (ft. Ninho)164,5M
38%
9MD (ft. 4Keus)87,9M
38%
14Medellín59,5M
34%
13N.I (ft. Ninho)63,5M
34%
3Balader (ft. Soolking)130,1M
32%
4Joli bébé (ft. Naza)128,7M
26%
15Mode AV (ft. Tiakola, Gazo)57,6M
21%
7Sapés comme jamais (ft. Gims)101,3M
17%

Distribution des résultats

Percentile par nombre de réponses

% des personnes avec chaque résultat

Votre développement - résultats

Vous n’avez pas pris ce quiz depuis la dernière actualisation